|
|
|
|
| LEADER |
00719cam a2200229 7i4500 |
| 001 |
0000019580 |
| 005 |
20170218090000.0 |
| 020 |
|
|
|a 9781858051901
|
| 020 |
|
|
|a 1858051908 (pbk.)
|
| 090 |
0 |
0 |
|a HF5635
|b .B46 1996
|
| 100 |
1 |
|
|a Bendrey, Mike
|
| 245 |
1 |
0 |
|a Accounting and finance in business
|c Mike Bendrey, Roger Hussey and Colston West ; edited by Jill Hussey.
|
| 250 |
|
|
|a 4th ed.
|
| 260 |
|
|
|a London:
|b DP Pub.,
|c 1996.
|
| 300 |
|
|
|a v, 633 p.:
|b ill.;
|c 25 cm.
|
| 650 |
0 |
0 |
|a Finance --
|x Accounting
|
| 650 |
0 |
0 |
|a Accounting
|
| 700 |
1 |
|
|a Hussey, Roger
|
| 700 |
1 |
|
|a West, Colston
|
| 700 |
1 |
|
|a Hussey, Jill
|
| 997 |
|
|
|a Business & Accountancy, Faculty
|
| 999 |
|
|
|a 0000021096
|b BOK
|c OPEN SHELF
|e 1st Floor, Shah Alam
|